[Event "Reunion op 08th"]
[Site "Etang Sale"]
[Date "2006.10.18"]
[Round "5"]
[White "De Robillard, Vincent"]
[Black "Bremond, Pierre"]
[Result "1-0"]
[WhiteElo "1604"]
[BlackElo "1499"]
[PlyCount "67"]
[EventDate "2006.10.14"]
[EventType "swiss"]
[EventRounds "9"]
[EventCountry "FRA"]
[SourceTitle "EXT 2007"]
[Source "ChessBase"]
[SourceDate "2006.11.23"]
[SourceVersion "1"]
[SourceVersionDate "2006.11.23"]
[SourceQuality "1"]

1. d4 d5 2. c4 Nf6 3. cxd5 Nxd5 4. e4 Nf6 5. Nc3 e6 6. Bg5 Be7 7. e5 Nd5 8. Bxe7 Nxe7 9. Bd3 b6 10. Qg4 g6 11. Ne4 Ng8 12. Qf4 Bb7 13. Nf3 Nd7 14. Nfg5 Qe7 15. 0-0 h6 16. Nf3 Qf8 17. Bb5 0-0-0 18. Rac1 Kb8 19. a4 a5 20. Nc3 Ne7 21. d5 Nxd5 22. Nxd5 Bxd5 23. Nd4 g5 24. Qe3 Nc5 25. Qc3 Rc8 26. Bc6 Qd8 27. f3 Rf8 28. b4 Na6 29. bxa5 Ka7 30. Rfd1 f6 31. Bxd5 Qxd5 32. Nb5+ Qxb5 33. axb5 Nc5 34. axb6+ 1-0